Santoprene TM TPV: Shaping the future together (Record no. 68404)

MARC details
000 -LEADER
fixed length control field 00523nam a2200121Ia 4500
100 ## - MAIN ENTRY--AUTHOR NAME
Personal name Subheesh P.V
245 #0 - TITLE STATEMENT
Title Santoprene TM TPV: Shaping the future together
260 ## - PUBLICATION, DISTRIBUTION, ETC. (IMPRINT)
Name of publisher Circular Economy, Recyclability and Sustainability of the Rubber Industry-A New Paradigm Shift: National Rubber Conference, 4-5 December 2019, All India Rubber Industries Association, Kolkata, India.
Year of publication Dec-19
650 ## - SUBJECT ADDED ENTRY--TOPICAL TERM
Topical Term Santoprene
856 ## - ELECTRONIC LOCATION AND ACCESS
Uniform Resource Identifier Ref only (In: Rubber India Jan 2020)
942 ## - ADDED ENTRY ELEMENTS (KOHA)
Koha item type Journals
Holdings
Withdrawn status Lost status Damaged status Not for loan Home library Current library Shelving location Date acquired Koha item type
      Journals RRII Library RRII Library Rubber technology 17/12/2021 Journals